Responses for Show #8572 - Tuesday, February 8, 2022

Contestants

[<< previous game]

Andrés Quijano, a student at Cornell University originally from San Juan, Puerto Rico

Krystle Valerio, an executive assistant from Norristown, Pennsylvania

Lawrence Long, a nursing student and stay-at-home uncle from East Bend, North Carolina (whose 1-day cash winnings total $23,201)

[next game >>]

Jeopardy! Round responses

A CONFRONTATION OF BIBLICAL PROPORTIONS
THE LAST THOUSAND YEARS
AROUND THE USA
COOKING AIDS
THE SONG TITLE PRONOUN
2-SYLLABLE WORDS
    $200 30
Goliath

Krystle
    $200 17
glasses

Lawrence
    $200 13
a courthouse

Krystle
    $200 26
grater

Krystle
    $200 15
Us

Krystle
    $200 22
Bedrock

Lawrence
    $400 29
Jonah

Krystle
    $400 10
(Lawrence: [*].)
(Mayim: Yes, and remember your phrasing.)

Puritans

Lawrence
    $400 12
molasses

Krystle
    $400 25
a whisk

Lawrence
    $400 14
"Me, Myself And I"

Andrés
    $400 21
kayak

Krystle
    $600 28
Samson

Lawrence
    $600 9
Mozambique

Lawrence
    $600 2
the Brooklyn Bridge

Lawrence
    $600 24
(Lawrence: What are waffle irons?)

spatulas

LawrenceKrystle
    $600 6
"When I Was Your Man"

Lawrence
    $600 20
wingtip

Krystle
    $800 27
(Andrés: Who is Ramses III?)

Pharaoh

Andrés
Triple Stumper
    $800 8
(Andrés: What is Ravenna?)

Trent

Andrés
Triple Stumper
    $800 1
Jean Lafitte

Triple Stumper
    $800 23
butcher blocks

Krystle
    $800 5
Ourselves

Triple Stumper
    $800 19
chutney

Lawrence
    $1000 18
Jericho

Krystle
    $1,000 7
the Crimean War

Lawrence
    $1000 3
Colorado

Krystle
    $1000 11
air fryers

Andrés
    $1000 4
She

Krystle
    $1000 16
compare

Lawrence

Scores at the first commercial break (after clue 16):

Lawrence Krystle Andrés
$4,200 $2,800 $600

Scores at the end of the Jeopardy! Round:

Lawrence Krystle Andrés
$5,800 $7,000 -$200

Double Jeopardy! Round responses

READ THE ROOM!
SOUTH AMERICAN CAPITALS
HIS BIG PAINT SALE
CONNECT FOUR
JUST "Z" MOVIE FOR YOU
WHAT ACUTE ACCENT
(Mayim: Each response contains an "E" with an acute accent as in "café".)
    $400 6
the Oval Office

Lawrence
    $400 1
(Andrés: What is Brasília?)

Caracas

LawrenceAndrés
    $400 20
Picasso

Lawrence
    $400 11
Zorro

Lawrence
    $400 16
touché

Lawrence
    $800 7
the Polo Lounge

Triple Stumper
    $800 2
Rio de la Plata

Andrés
    $800 21
Rembrandt

Lawrence
    $800 17
(Krystle: What are aliens from Pac-Man?)

the Pac-Man ghosts

Krystle
Triple Stumper
    $800 12
(Lawrence: What is Shaun of the Dead?)

Zombieland

LawrenceKrystle
    $800 23
décor

Andrés
    $1200 8
Independence Hall

Krystle
    $1200 3
Bogotá

Triple Stumper
    $1200 22
(Mayim: Less than a minute.)

the Getty

Krystle
    $1200 18
the Four Horsemen

Lawrence
    $1200 13
Zootopia

Lawrence
    $1200 24
(Krystle: What is fiancée?)

fiancée & divorcée

KrystleAndrés
    $1,200 9
(Krystle: [No response])

the Algonquin

Krystle
    $1,000 4
(Andrés: What is Georgetown?)

George III

Andrés
    $1600 19
the cardinal virtues

Triple Stumper
    $1600 14
Zero Dark Thirty

Krystle
    $1600 25
a coup d'état

Andrés
    $2000 10
(Lawrence: What is ground control?)

Mission Control

Lawrence
Triple Stumper
    $2000 5
(Andrés: What is Plano Alto?)

the Altiplano

Andrés
Triple Stumper
    $2000 28
[The end-of-round signal sounds.]

Basquiat

Lawrence
    $2000 27
the four Vedas

Triple Stumper
    $2000 15
Zodiac

Krystle
    $2000 26
roué

Triple Stumper

Scores at the end of the Double Jeopardy! Round:

Lawrence Krystle Andrés
$10,200 $10,600 $800

[wagering suggestions for these scores]

Final Jeopardy! Round responses

20th CENTURY FICTION
AndrésWhat is 1001 Arabian Nights?
$799
LawrenceWhat is Death on the Nile?
$10,190
KrystleWhat is Murder on the Orient Express?
$10,201
Death on the Nile

Final scores:

Lawrence Krystle Andrés
$20,390 $399 $1
2-day champion: $43,591 2nd place: $2,000 3rd place: $1,000

Game dynamics:

Coryat scores:

Lawrence Krystle Andrés
$10,200 $11,800 $1,800
20 R
(including 1 DD),
3 W
18 R,
3 W
(including 1 DD)
6 R,
5 W
(including 1 DD)

Combined Coryat: $23,800

[game clues] [game scores] [suggest correction]

Game tape date: 2021-11-30
The J! Archive is created by fans, for fans. Scraping, republication, monetization, and malicious use prohibited; this site may use cookies and collect identifying information. See terms. The Jeopardy! game show and all elements thereof, including but not limited to copyright and trademark thereto, are the property of Jeopardy Productions, Inc. and are protected under law. This website is not affiliated with, sponsored by, or operated by Jeopardy Productions, Inc. Join the discussion at JBoard.tv.